Current cost accounting its concepts and its uses in practical terms

Gespeichert in:
Bibliographische Detailangaben
1. Verfasser: Drummond, Christina S.R
Weitere Verfasser: Stickler, Alan D.
Format: Buch
Sprache:Englisch
Veröffentlicht: Toronto Methuen 1983
Ausgabe:1. ed.
Schlagworte:
Tags: Tag hinzufügen
Keine Tags, Fügen Sie das erste Tag hinzu!

MARC

LEADER 00000nam a2200000 4500
001 c006136
005 20221207071640.1
020 |a 0-458-95870-0 
041 0 |a eng 
044 |a US 
245 1 0 |a Current cost accounting  |b its concepts and its uses in practical terms  |c Christina S.R. Drummond, Alan D. Stickler 
250 |a 1. ed. 
264 1 |a Toronto  |b Methuen  |c 1983 
300 |a 336 s. 
610 2 0 |a účtovníctvo prevádzkové 
610 2 0 |a účtovníctvo nákladové 
610 2 0 |a náklady 
610 2 0 |a predaj 
610 2 0 |a odpisy účtovné 
610 2 0 |a škody 
610 2 0 |a majetok investičný 
610 2 0 |a USA 
610 2 0 |a Kanada 
610 2 0 |a Veľká Británia 
610 2 0 |a náklady materiálové 
610 2 0 |a výnosy 
610 2 0 |a štúdie prípadové 
100 1 |a Drummond, Christina S.R. 
700 1 |a Stickler, Alan D.